Frýdecko-Místecko z nebe = Frýdek-Místek Region from heaven

Bibliographic Details
Main Author: Paprčka, Milan, 1979- (Author)
Format: Book
Language:Czech
English
Polish
PhysicalDescription:126 strán farebné fotografie 18 x 26 cm
Published: Zlín CBS Nakladatelství s.r.o. 2017
ISBN:9788087724910
Edition:1. vydání
Subjects:

MARC

LEADER 00000cam a2200000 4500
001 vtls012056782
003 SK-MaSNL
005 20260301044614.0
008 210602s2017 xr o gr 000 0 cze
015 |a SNBZSA2021/10 
020 |a 9788087724910  |q (viazané) 
040 |a SNK  |b slo  |c SNK  |e rda 
041 0 |a cze  |a eng  |a pol 
043 |a e-xr--- 
044 |a xr  |c CZ 
072 7 |a 913  |x Regionálna geografia  |2 konspekt 
080 |a 778.35  |2 2011 
080 |a 913  |2 2011 
080 |a (437.326)  |2 2011 
080 |a (084.12)  |2 2011 
100 1 |a Paprčka, Milan,  |d 1979-  |4 aut  |9 52208 
245 1 0 |a Frýdecko-Místecko z nebe =  |b Frýdek-Místek Region from heaven  |c Milan Paprčka a kolektiv 
246 1 1 |a Frýdek-Místek Region from heaven 
250 |a 1. vydání 
264 1 |a Zlín  |b CBS Nakladatelství s.r.o.  |c 2017 
300 |a 126 strán  |b farebné fotografie  |c 18 x 26 cm 
336 |a text  |b txt  |2 rdacontent 
336 |a statický obraz  |b sti  |2 rdacontent 
337 |a bez média  |b n  |2 rdamedia 
338 |a zväzok  |b nc  |2 rdacarrier 
366 |e 4700 kusov 
546 |a Text čiastočne v angličtine a poľštine 
650 0 7 |a letecká fotografia  |2 SNKPH  |9 51512 
650 0 7 |a regionálna geografia  |2 SNKPH  |9 822 
650 0 7 |a Aerial photography  |2 SNKPHeng  |9 310941 
650 0 7 |a Regional geography  |2 SNKPHeng  |9 267552 
651 7 |a Frýdek-Místek (Česko : okres)  |2 SNKPHgeo  |9 28476 
651 7 |a Frýdek-Místek District (Czechia)  |2 SNKPHeng  |9 351307 
655 7 |a fotografické publikácie  |2 SNKPH  |9 70483 
655 7 |a Photographic publication  |2 SNKPHeng  |9 266858 
919 |a 978-80-87724-91-0 
958 |a ZS 
958 |a CZ 
958 |a OP 
999 |c 596387  |d 598317 
952 |a SNK  |b SNK  |y PREZ  |7 0  |p 17A1457876  |o snkSD 90019  |i snk2021/11954  |8 4  |g 20.69  |0 0  |1 0  |4 0  |d 2021-06-02  |f 1  |l 0  |r 2026-02-23 15:39:43  |w 2026-02-23